| 000 | 00723nam a2200241 4500 | ||
|---|---|---|---|
| 003 | OSt | ||
| 005 | 20240613084838.0 | ||
| 006 | a | ||
| 008 | 240613b |||||||| |||| 00| 0 eng d | ||
| 020 | _a9789814416313 | ||
| 040 |
_aDWCL-Main lib. _cOC |
||
| 082 |
_2Fourth edition _aCirc. 625.7 G213t 2012 |
||
| 100 | _aGarber, Nicholas J. | ||
| 245 | _aTraffic & highway engineering / | ||
| 250 | _aFourth edition | ||
| 260 |
_aSingapore : _bCengage leraning Asia Pte, _cc2012. |
||
| 300 |
_axviii, _b1223 p. : ill. ; _c23 cm. |
||
| 504 | _aIncludes index. | ||
| 650 | _a1. Highway engineering. | ||
| 650 | _a2. Traffic engineering. | ||
| 700 | _aNicholas J. Garber | ||
| 942 |
_2ddc _n0 _cBK-CIRC _eFourth edition _kCirc. |
||
| 999 |
_c649 _d649 |
||